My Immortal - Evanescence (All Lyrics) - Statistics

General Stats
  • This quiz has been taken 775 times
  • The average score is 203 of 249
Answer Stats
Lyrics % Correct
I
100%
you
96%
You
96%
all
94%
I'm
94%
my
94%
of
94%
your
94%
Your
94%
me
93%
me.
93%
me,
93%
Me.
93%
to
93%
the
92%
And
90%
and
90%
so
90%
is
87%
fears.
86%
have
86%
just
86%
This
86%
When
86%
here.
85%
here
85%
that
85%
These
85%
these
85%
tears.
84%
tired
84%
too
84%
away
83%
cannot
83%
still
83%
time
83%
being
82%
cried,
82%
real.
82%
I'd
81%
leave,
81%
leave.
81%
leave
81%
pain
81%
alone.
80%
alone
80%
if
80%
wipe
80%
won't
80%
heal.
79%
it
79%
But
78%
seem
78%
would
78%
scream,
77%
years.
77%
by
76%
erase.
76%
much
76%
There's
76%
hand
75%
through
74%
held
73%
wounds
73%
you're
73%
wish
72%
childish
70%
fight
70%
with
69%
I've
67%
gone.
65%
presence
65%
in
64%
lingers
63%
been
61%
myself
60%
Now
59%
tell
59%
hard
58%
tried
58%
'Cause
57%
left
56%
behind.
54%
life
54%
used
54%
though
52%
face,
51%
voice,
51%
captivate
50%
along.
48%
Suppressed
46%
sanity
45%
dreams.
44%
light.
41%
chased
39%
haunts
39%
bound
38%
resonating
38%
once
35%
pleasant
33%
No matching quizzes found
Score Distribution
Percent of People with Each Score
Percentile by Number Answered
Your Score History
You have not taken this quiz